Normal view
MARC view
Entry Personal Name
001 - CONTROL NUMBER
- control field: 20057
003 - CONTROL NUMBER IDENTIFIER
- control field: dpl
005 - DATE AND TIME OF LATEST TRANSACTION
- control field: 20100914153734.0
008 - FIXED-LENGTH DATA ELEMENTS
- fixed length control field: 100914|||a|||||| | ||| d
040 ## - CATALOGING SOURCE
- Original cataloging agency: dpl
- Transcribing agency: dpl
100 ## - HEADING--PERSONAL NAME
- Personal name: Vaid, Sunil
670 ## - SOURCE DATA FOUND
- Source citation: Work cat.: (dpl)36273: Vaid, Sunil, Beat the academic exam the smart way:, 2010
670 ## - SOURCE DATA FOUND
- Source citation: Work cat.: (dpl)36273: Vaid, Sunil, Beat the academic exam the smart way:, 2010
